Регионална библиотека "Любен Каравелов" - Русе

Произходът (Запис номер 205310)

MARC детайли
000 -Лидер
Контролно поле с фиксирана дължина 02157nam a2200397 c 4500
003 - Код на организацията, давaща контролен номер
Контролно поле BLK
005 - Дата и час на последна редакция
Контролно поле 20230817163249.0
008 - Елементи от данни с фиксирана дължина
fixed length control field 180411b bul|||||r ||||||| ||bul||
010 ## - Наследен системен номер
LC control number KNG00214915000
040 ## - Източник на каталожния запис
Идентификатор на билиотеката - собственик на записа BLK
041 ## - Код за език
Код за езика на текст/звукозапис или на отделно заглавие Български
Код за езика КДБФ Български
080 ## - УДК
Текстов определител УДК Американска литература (на САЩ)
УДК код - определител по УДК 821.111(73)
УДК определител -312.6
УДК - код + определител 821.111(73)-312.6
080 ## - УДК
Текстов определител УДК Еволюционно учение. Дарвинизъм. Видообразуване. Филогенез - Борба за съществуване, изолация, адаптация, отбор и др. Биомакромолекули, молекулярна еволюция, клетки и субклетъчни структури, тъ
УДК код - определител по УДК 575.8
УДК определител (410)(092)(0:82-31)
УДК - код + определител 575.8(410)(092)(0:82-31)
080 ## - УДК
Текстов определител УДК Английски учен и естественик
УДК код - определител по УДК 929 Дарвин, Чарлз Робърт
УДК определител
УДК - код + определител 929 Дарвин, Чарлз Робърт
100 1# - Редна дума - Автор
Автор Стоун, Ървинг
Авторска отговорност първи автор
R(LIN) 283470
139 ## - Редно поле
Редна дума Стоун, Ървинг
Авторски знак Стоич - С 82
245 10 - Сведения за заглавието
Заглавие Произходът
Подзаглавни данни Романизирана биогр. на Чарлс Дарвин : Ч. 1 -
Редно поле (дума) Ървинг Стоун; прев. от англ. Мадлена Евгениева.
Том Ч. 1
Заглавие на том Сухоземец
257 ## - Страна на издаване
Страна на създаване/издаване Съединени американски щати
260 ## - Област на издателските данни
-- София
Име на издателя, разпространителя и проч. Партиздат
Година на издаване 1987 -
300 ## - Физическа характеристика
Размери/Мащаб 22 см
380 ## - Жанр
Жанр Худож. лит.
500 ## - Общи забележки
Забележка Ориг. загл. The Origin / Irving Stone. - 40 110 тир.
600 14 - Име на лице, използвано като предмет
За него / За нея Дарвин, Чарлз Робърт
9 (RLIN) 371009
650 #4 - Допълнително описание по предмет – тема
Основно описание – тема или топоним Дарвин, Чарлз Робърт
9 (RLIN) 371009
651 #4 - Допълнително описание по предмет - топоним
Географско понятие Великобритания
9 (RLIN) 178698
653 ## - Ключова дума – ненормативна
Ключова дума Чарлз Дарвин
653 ## - Ключова дума – ненормативна
Ключова дума романизувани биографии
700 1# - Други автори (авторска отговорност)
Лично име Евгениева, Мадлена
Автороска отговорност (Описва отношението между автора и произведението) прев. от англ.
9 (RLIN) 332083
760 1# - Описание на основната серия
Редна дума на основното описание Стоун, Ървинг
Място на издаване, издател и година 1987
Страници - том 391 с.
Заглавие Ч. 1 Сухоземец
852 ## - Местоположение
Форматна сигнатура Цб 146284
856 4# - Електронен адрес и достъп
Електронен формат pdf - файл
Път до файла /url/
856 4# - Електронен адрес и достъп
Електронен формат pdf - файл
Път до файла /url/
942 ## - АРТИКУЛИ
Вид на библиотечния материал Книги
Скрит в OPAC Не
Koha issues (borrowed), all copies 5
944 ## - СЪЗДАВАНЕ И РЕДАКЦИЯ на ЗАПИСА
Създаване/Редакция Създаване
Дата на регистрацията/редакция 16.12.2017
Статус, дата на статуса Мартин Енчев
Служител, извършил регистрацията/редакцията 30575
944 ## - СЪЗДАВАНЕ И РЕДАКЦИЯ на ЗАПИСА
Създаване/Редакция Редакция
Дата на регистрацията/редакция 19.02.2018
Статус, дата на статуса ф /
Служител, извършил регистрацията/редакцията Людмила_Стоянова
999 ## - СИСТЕМНИ КОНТРОЛНИ НОМЕРА
Koha biblionumber 205310
Koha biblioitemnumber 205310
Наличности
Код за отписване Код за изгубен артикул Източник на класификационната схема Код за повреда Коз за рестрикции Код за отдаване Артикулен № Име на библиотеката - собственик Име на библиотеката, в която се намира в момента Статус (Текущо местоположение) Дата на вписване в системата Местоположение - отдел Цена в лева Инвентарен номер Систематично азбучна сигнатура Баркод Номер на екземпляра Цена в евро Служебна бележка Служебен тип на артикула
  Не е изгубен Universal Decimal Classification Не е повреден без рестрикции заемане за дома 353569 Регионална библиотека "Любен Каравелов" Русе Регионална библиотека "Любен Каравелов" Русе Заемна - подръчен фонд 2017-12-14 Заемна - подръчен фонд 18.00 120000818038 П 820(73)-31/С 82 120000818038 1 9.20 Дост: DA Вид: А N: 44 Дата: 14.12.2017 Дата инв: 15.02.2018 Бележки инв: П2018 Книги
  Не е изгубен Universal Decimal Classification Не е повреден без рестрикции ползва се в читалня 353570 Регионална библиотека "Любен Каравелов" Русе Регионална библиотека "Любен Каравелов" Русе Хранилище 1987-01-01 Хранилище 2.70 472689 Цб 146284 120000472689 2 1.38 Дост: Dp Вид: Д N: стар фонд Дата: 01.01.1987 Книги
  Не е изгубен Universal Decimal Classification Не е повреден без рестрикции заемане за дома 353571 Регионална библиотека "Любен Каравелов" Русе Регионална библиотека "Любен Каравелов" Русе Дубликат 1987-01-01 Заемна - подръчен фонд 2.70 475399 П 820(73)-31/С 82 120000475399 3 1.38 Дост: Pk Вид: Ф N: стар фонд Дата: 01.01.1987 Дата инв: 06.03.2018 Бележки инв: П2018 Книги
Vip Innovations Ltd, Rousse, Bulgaria 2025